| 000 | 00566nam a2200241 a 4500 | ||
|---|---|---|---|
| 001 | nice12345678 | ||
| 003 | IN_TiNIC | ||
| 005 | 20260116012927.0 | ||
| 008 | 050524s1385 luca grp 000 0 urd | ||
| 020 |
_a _c2 |
||
| 082 | 0 | 0 |
_a297.09 _bNAQ2 |
| 100 | _aNaqvi, S Ali Naqi | ||
| 245 | _aTarikh-E-Islam. | ||
| 260 |
_aLucknow _bSarfraz Qaumi Press _c1385 |
||
| 300 | _a204p. | ||
| 500 | _aincludes index and biblioraphy | ||
| 505 | 2 | _aIndex | |
| 650 | _aIslam-History | ||
| 700 | 1 | _aNaqvi, S Ali Naqi | |
| 902 | _bSRS | ||
| 942 | _cBK | ||
| 999 |
_c8922 _d8922 |
||